000 00400nam a2200145Ia 4500
008 090122s9999 xx 000 0 und d
082 _b4789
_a891.463
100 _aकाळे
_b
_cपु
245 _aवन फॉर द रोड
600 _aकाळे
630 _aवन फॉर द रोड
700 _aकाळे
730 _aवन फॉर द रोड
942 _cBOOK
999 _c28867
_d28867